Inequality, Opportunity, and Crime Rates in Central Cities
| Authors: | ; |
|---|---|
| Format: | Electronic Article |
| Language: | English |
| Published: |
1983
|
| In: |
Criminology
Year: 1983, Volume: 21, Issue: 2, Pages: 178-194 |
| Online Access: |
Presumably Free Access Volltext (lizenzpflichtig) |
| Check availability: | HBZ Gateway |
MARC
| LEADER | 00000caa a22000002c 4500 | ||
|---|---|---|---|
| 001 | 1912590018 | ||
| 003 | DE-627 | ||
| 005 | 20250128055001.0 | ||
| 007 | cr uuu---uuuuu | ||
| 008 | 241217s1983 xx |||||o 00| ||eng c | ||
| 024 | 7 | |a 10.1111/j.1745-9125.1983.tb00257.x |2 doi | |
| 035 | |a (DE-627)1912590018 | ||
| 035 | |a (DE-599)KXP1912590018 | ||
| 040 | |a DE-627 |b ger |c DE-627 |e rda | ||
| 041 | |a eng | ||
| 084 | |a 2,1 |2 ssgn | ||
| 100 | 1 | |a Carroll, Leo |e VerfasserIn |4 aut | |
| 245 | 1 | 0 | |a Inequality, Opportunity, and Crime Rates in Central Cities |
| 264 | 1 | |c 1983 | |
| 336 | |a Text |b txt |2 rdacontent | ||
| 337 | |a Computermedien |b c |2 rdamedia | ||
| 338 | |a Online-Ressource |b cr |2 rdacarrier | ||
| 700 | 1 | |a Jackson, Pamela Irving |e VerfasserIn |0 (DE-588)1024336565 |0 (DE-627)71969874X |0 (DE-576)368318222 |4 aut | |
| 773 | 0 | 8 | |i Enthalten in |t Criminology |d Oxford [u.a.] : Wiley-Blackwell, 1970 |g 21(1983), 2, Seite 178-194 |h Online-Ressource |w (DE-627)340877685 |w (DE-600)2066199-X |w (DE-576)25810161X |x 1745-9125 |7 nnas |
| 773 | 1 | 8 | |g volume:21 |g year:1983 |g number:2 |g pages:178-194 |
| 787 | 0 | 8 | |i Forschungsdaten |a United States. Bureau of the Census |t Census of Population and Housing, 1970 (United States): Public Use Samples |d [Erscheinungsort nicht ermittelbar] : [Verlag nicht ermittelbar], 1984 |w (DE-627)1902790189 |
| 787 | 0 | 8 | |i Forschungsdaten |a United States Department of Justice. Federal Bureau of Investigation |t Uniform Crime Reporting Program Data (United States): Property Stolen and Recovered, 1966-1976 |d [Erscheinungsort nicht ermittelbar] : [Verlag nicht ermittelbar], 1984 |w (DE-627)1840060085 |
| 856 | |u https://digitalcommons.uri.edu/criminology_facpubs/31 |x unpaywall |z Vermutlich kostenfreier Zugang |h repository [deprecated] | ||
| 856 | 4 | 0 | |u https://doi.org/10.1111/j.1745-9125.1983.tb00257.x |x Resolving-System |z lizenzpflichtig |3 Volltext |7 1 |
| 935 | |a mkri | ||
| 951 | |a AR | ||
| ELC | |a 1 | ||
| LOK | |0 000 xxxxxcx a22 zn 4500 | ||
| LOK | |0 001 4637555515 | ||
| LOK | |0 003 DE-627 | ||
| LOK | |0 004 1912590018 | ||
| LOK | |0 005 20241217044607 | ||
| LOK | |0 008 241217||||||||||||||||ger||||||| | ||
| LOK | |0 035 |a (DE-2619)ICPSR5880 | ||
| LOK | |0 040 |a DE-2619 |c DE-627 |d DE-2619 | ||
| LOK | |0 092 |o n | ||
| LOK | |0 852 |a DE-2619 | ||
| LOK | |0 852 1 |9 00 | ||
| LOK | |0 935 |a nacp | ||
| LOK | |0 939 |a 17-12-24 |b l01 | ||
| OAS | |a 1 | ||
| ORI | |a SA-MARC-krimdoka001.raw | ||
